Čtenářský klub v Bordeaux /
Oddychová kniha od autorky bestsellerů Rok na francouzském venkově či Měsíc v Provence. Příběh o tom, jak je důležité neztrácet sny a naději a co pro nás znamenají sebepoznání, přátelé... a knihy.
Uloženo v:
| Hlavní autor: | |
|---|---|
| Další autoři: | |
| Médium: | Kniha |
| Jazyk: | Czech |
| Vydáno: |
[Praha] :
Bourdon,
2026
|
| Vydání: | Vydání první |
| Témata: | |
| Celkem bylo vypůjčeno: | 0x |
| Tagy: |
Žádné tagy |
| LEADER | 02658nam a2200409 i 4500 | ||
|---|---|---|---|
| 001 | 106311 | ||
| 003 | CZ PrNK | ||
| 005 | 20260512142819.0 | ||
| 007 | ta | ||
| 008 | 260504s2026 xr g 000 f cze | ||
| 015 | |a cnb003743381 | ||
| 020 | |a 9788076113770 |q (brožováno) | ||
| 040 | |a ABG001 |b cze |e rda | ||
| 041 | 1 | |a cze |h eng | |
| 072 | 7 | |a 821.111-3 |x Anglická próza, anglicky psaná |2 Konspekt |9 25 | |
| 080 | |a 821.111-31 |2 MRF | ||
| 080 | |a (0:82-31)-055.2 |2 MRF | ||
| 100 | 1 | |a Harvey, Gillian |7 ola20231192166 |4 aut |9 115073 | |
| 240 | 1 | 0 | |a Bordeaux book club. |l Česky |
| 245 | 1 | 0 | |a Čtenářský klub v Bordeaux / |c Gillian Harvey ; z anglického originálu The Bordeaux book club přeložila Alena Byrne |
| 250 | |a Vydání první | ||
| 264 | 1 | |a [Praha] : |b Bourdon, |c 2026 | |
| 300 | |a 322 stran ; |c 21 cm | ||
| 336 | |a text |b txt |2 rdacontent | ||
| 337 | |a bez média |b n |2 rdamedia | ||
| 338 | |a svazek |b nc |2 rdacarrier | ||
| 520 | 2 | |a Oddychová kniha od autorky bestsellerů Rok na francouzském venkově či Měsíc v Provence. Příběh o tom, jak je důležité neztrácet sny a naději a co pro nás znamenají sebepoznání, přátelé... a knihy. |b Leah a její manžel se odstěhovali na francouzský venkov za svým snem stát se soběstačnými a žít šťastně a zdravě. Tváří v tvář realitě však Leah zjišťuje, že vše není tak růžové, jak si představovala. A tak když její přítelkyně Grace založí knižní klub, Leah se rozhodne přidat a udělat něco pro sebe. Lákají ji nejenom knihy, ale i šance potkat nové známé. Všichni členové klubu jsou ale svým způsobem zvláštní. Odtažitá Grace, která žije sama, upjatá Monica, jejíž manžel pracuje v zahraničí a ona zůstává sama v cizí zemi s malým miminkem, pohledný zedník George, a Alfie, který je téměř o dvacet let mladší než ostatní a skrývá temné tajemství. A zatímco společně probírají jednotlivé knihy a postavy, začínají se i přes svoje různorodé povahy a osudy sbližovat a Leah nakonec zjistí, že šťastný konec nevypadá vždy tak, jak si myslíme. Nakladatelská anotace. Kráceno. | |
| 655 | 7 | |a anglické romány |7 fd131814 |2 czenas |9 53421 | |
| 655 | 7 | |a romány pro ženy |7 fd187897 |2 czenas |9 115 | |
| 655 | 9 | |a English fiction |2 eczenas | |
| 655 | 9 | |a women's novels |2 eczenas | |
| 700 | 1 | |a Byrne, Alena |7 hka2013741381 |4 trl |9 26093 | |
| 710 | 2 | |a Bourdon (nakladatelství) |7 xx0221004 |4 pbl |9 117204 | |
| 910 | |a UOG502 | ||
| 942 | |2 ddc |c KN | ||
| 999 | |d 106311 | ||
| 993 | |0 0 |1 421180107032 |2 ddc |4 0 |7 0 |9 99684 |b 0 |c 107032 |d 2026-05-12 |e 0 |f DOSP |h 399.00 |i Koupě |l DOSP |r 2026-05-13 |t 6 |w 2026-05-12 |y KN |z BELET |n | ||